<?xml version="1.0" encoding="UTF-8"?>
<record
    xmlns:xsi="http://www.w3.org/2001/XMLSchema-instance"
    xsi:schemaLocation="http://www.loc.gov/MARC21/slim http://www.loc.gov/standards/marcxml/schema/MARC21slim.xsd"
    xmlns="http://www.loc.gov/MARC21/slim">

  <leader>00465cam a22001811  4500</leader>
  <controlfield tag="003">OSt</controlfield>
  <controlfield tag="005">20260511142132.0</controlfield>
  <controlfield tag="008">770329s1954    xx            000 0 eng c</controlfield>
  <datafield tag="015" ind1=" " ind2=" ">
    <subfield code="a">GB54-13440</subfield>
  </datafield>
  <datafield tag="020" ind1=" " ind2=" ">
    <subfield code="a">03289</subfield>
  </datafield>
  <datafield tag="040" ind1=" " ind2=" ">
    <subfield code="c">IRDP</subfield>
  </datafield>
  <datafield tag="082" ind1=" " ind2=" ">
    <subfield code="2">320.56 MAS</subfield>
  </datafield>
  <datafield tag="100" ind1="1" ind2=" ">
    <subfield code="a">Mason, Philip.</subfield>
  </datafield>
  <datafield tag="245" ind1="0" ind2="3">
    <subfield code="a">An essay on racial tension</subfield>
  </datafield>
  <datafield tag="260" ind1=" " ind2=" ">
    <subfield code="a">London;</subfield>
    <subfield code="b">Royal Institute of International Affairs,</subfield>
    <subfield code="c">1954.</subfield>
  </datafield>
  <datafield tag="504" ind1=" " ind2=" ">
    <subfield code="a">Bibliography: p. 147-149.</subfield>
  </datafield>
  <datafield tag="942" ind1=" " ind2=" ">
    <subfield code="2">ddc</subfield>
    <subfield code="c">BOOKS</subfield>
  </datafield>
  <datafield tag="999" ind1=" " ind2=" ">
    <subfield code="c">9728</subfield>
    <subfield code="d">9728</subfield>
  </datafield>
  <datafield tag="952" ind1=" " ind2=" ">
    <subfield code="0">0</subfield>
    <subfield code="1">0</subfield>
    <subfield code="2">ddc</subfield>
    <subfield code="4">0</subfield>
    <subfield code="7">0</subfield>
    <subfield code="a">1000</subfield>
    <subfield code="b">1000</subfield>
    <subfield code="c">Ground Floor </subfield>
    <subfield code="d">2026-05-11</subfield>
    <subfield code="l">0</subfield>
    <subfield code="o">320.56 MAS</subfield>
    <subfield code="p">LIB003502</subfield>
    <subfield code="r">2026-05-11</subfield>
    <subfield code="w">2026-05-11</subfield>
    <subfield code="y">BOOKS</subfield>
  </datafield>
</record>
